000 00546nam a2200169 i 4500
001 61164
003 ES-MaACL
005 20230906164403.0
007 t|
008 031110s1910 fr ||||1| fre d
100 1 _aEucken, Rudolf.
_948315
245 1 0 _aProblèmes capitaux de la Philosophie de la Religion au temps prèsent /
_cRudolf Eucken ; traduit por Charles Brognard.
260 _aParís :
_b[s.n.,
_c1910] (
_eLausanne :
_fA. Petter)
300 _a210 p. ;
_c19 cm.
700 1 _aBrognard, Charles.
_931879
852 _aES-MaACL
_jF-11200
999 _c61164
_d61164